| 000 | 01685cam a2200373 a 4500 | ||
|---|---|---|---|
| 001 | 6462201 | ||
| 005 | 20170105102937.0 | ||
| 008 | 071228s2008 enk b 001 0 eng | ||
| 010 | _a 2007052821 | ||
| 020 | _a0230537111 (alk. paper) | ||
| 020 | _a9780230537118 (alk. paper) | ||
| 024 | _a40015085061 | ||
| 035 | _a(OCoLC)163616485 | ||
| 035 | _a(OCoLC)ocn163616485 | ||
| 035 | _a(DLC) 2007052821 | ||
| 035 | _a(NNC)6462201 | ||
| 040 |
_aDLC _cDLC _dUKM _dYDXCP _dBAKER _dBWKUK |
||
| 050 | 0 | 0 |
_aHD9502.A2 _bM576 2008 |
| 082 | 0 | 0 |
_a333.79 _222 _bMIT 2008 |
| 100 | 1 |
_aMitchell, Catherine, _d1956- |
|
| 245 | 1 | 4 |
_aThe political economy of sustainable energy / _cCatherine Mitchell. |
| 260 |
_aBasingstoke [England] ; _aNew York : _bPalgrave Macmillan, _c2008. |
||
| 300 |
_axi, 236 p. ; _c23 cm. |
||
| 490 | 1 | _aEnergy, climate, and the environment series | |
| 504 | _aIncludes bibliographical references (p. 215-229) and index. | ||
| 505 | 0 | _aBreaking free of the band of iron -- The regulatory state paradigm and its challenges -- The difficulty of delivering the 'right' change quickly enough -- Preferable intervention : the pursuit of nuclear power -- Renewable energy in the UK -- Markets and networks : pure paradigm and effect -- New Zealand as a case study -- Examining European political paradigms -- 'Just-do-it' : solutions, opportunities and realities. | |
| 650 | 0 |
_aEnergy policy _xEnvironmental aspects. |
|
| 650 | 0 |
_aEnergy development _xEnvironmental aspects. |
|
| 650 | 0 |
_aEnergy industries _xEnvironmental aspects. |
|
| 830 | 0 | _aEnergy, climate, and the environment series. | |
| 942 |
_2ddc _cBK |
||
| 948 | 1 |
_a20080227 _bc _cjv5 _dMPS |
|
| 999 |
_c16316 _d16316 |
||